| 000 | 01168cam a2200241 4500 | ||
|---|---|---|---|
| 001 | ABS65142 | ||
| 008 | 020228n2002 000 0 eng u | ||
| 035 | _a(Sirsi) u116890 | ||
| 100 | _aGibson, E. | ||
| 245 | _aCleaning up the Act | ||
| 260 | _c2002 | ||
| 490 |
_aProperty Week _v67(2) 18 January 2002, 42(1) |
||
| 520 | _aLooks at who is responsible for cleaning up contaminated land. The Contaminated Land Regulations 1999 came into force in April 2000, and property professionals are advised to familiarise themselves with their workings and intricacies or face heavy fines. Particularly, they should be aware that although only the most seriously contaminated sites will be caught, it is vital that the potential for contamination is adequately assessed, or it will be impossible to make an accurate judgment of whether the new law applies to a particular site. | ||
| 590 | _aABS | ||
| 650 | _aCONTAMINATED LAND | ||
| 650 | _aENVIRONMENTAL LAW | ||
| 650 |
_aContamination _96231 |
||
| 650 | _aBROWNFIELD SITES | ||
| 650 | _aBROWNFIELD LAND | ||
| 650 | _aCONTAMINATED LAND REGULATIONS 1999 | ||
| 690 | _aENVIRONMENT-ENVIRONMENTAL LAW | ||
| 942 | _n0 | ||
| 999 |
_c69627 _d69627 |
||